| 000 | 00441 a2200145 4500 | ||
|---|---|---|---|
| 082 | _a625.8 NAT | ||
| 090 |
_c3615 _d3615 |
||
| 110 |
_aNATIONAL RESEARCH COUNCIL _937043 |
||
| 245 | _aTHE AASHO ROAD TEST REPORT 5 PAVEMENT RESEARCH | ||
| 260 |
_aWASHINGTON _bNATIONAL ACADEMY OF SCIENCES _c1962 |
||
| 300 | _a352 P, PB | ||
| 500 | _aHIGHWAY RESEARCH BOARD | ||
| 526 |
_a0 _b0 _c0 _d625_800000000000000_NAT |
||
| 942 |
_2ddc _aMCE _cBOOK _k625.8 NAT |
||
| 999 |
_c547676 _d547676 |
||